| 000 | 01125nac a22003497a 4500 | ||
|---|---|---|---|
| 001 | BR9400096 | ||
| 003 | BR-BrBNA | ||
| 005 | 20240105121506.0 | ||
| 008 | 230509b bl.|||m| |||| 00| 0 por d | ||
| 040 |
_aBR-BrBNA _bpor _cBiblioteca Nacional de Agricultura |
||
| 072 | _aF30; P34 | ||
| 090 | _a1959 BR9400096 | ||
| 100 | 1 | _aVargas, M.A.T. | |
| 100 | 1 | _aMendes, I.C. | |
| 100 | 1 | _aSuhet, A.R. | |
| 100 | 1 | _aPeres, J.R.R. | |
| 110 | 1 | _aCentro de Pesquisa Agropecuaria dos Cerrados, Planaltina, DF (Brasil) | |
| 245 | 1 | _aFixacao biologica do nitrogenio em centrosema em solo de cerrados | |
| 260 | 3 |
_aPlanaltina, DF (Brasil): _c1993. |
|
| 300 | _a14 p. | ||
| 490 |
_aBoletim de Pesquisa - Centro de Pesquisa Agropecuaria dos Cerrados (Brazil) _vno. 35 _xISSN 0102-0013 |
||
| 500 | _aSummaries (En, Pt); 11 ref. | ||
| 650 | _aCentrosema | ||
| 650 | _aLeguminosa Forrageira | ||
| 650 | _aNitrogenio | ||
| 650 | _aHibrido | ||
| 650 | _aMelhoramento Genetico Vegetal | ||
| 650 | _aFixacao de Nitrogenio | ||
| 650 | _aCerrado | ||
| 909 |
_a202312 _bLúcia Elande _c55 _dLúcia Elande |
||
| 942 |
_2AGRIS _n0 _cMS |
||
| 999 |
_c285613 _d285613 |
||